| 000 | 01091nam a2200253Ia 4500 | ||
|---|---|---|---|
| 003 | OSt | ||
| 005 | 20201117181109.0 | ||
| 008 | 191128s1959 ar gr 000 0 spa d | ||
| 040 |
_aCO-JMCR _cCO-JMCR |
||
| 041 | 0 |
_aspa _heng |
|
| 082 | 0 | 4 |
_a658.4035 / _bL478o _223 |
| 100 | 1 |
_aLeener, Georges de, _eautor _912360 |
|
| 245 | 1 | 0 |
_aOrden, método y organización : _bla práctica diaria de la organización / _cGeorges de lenner ; traducción de José Clementi |
| 260 |
_aBuenos Aires : _bSantiago Rueda, _c1959 |
||
| 300 |
_a253 páginas ; _c23 cm. |
||
| 490 | _aBiblioteca de ciencias comerciales | ||
| 505 | 0 | _aEl éxito de la empresa y factores generales que lo condicionan -- Los elementos auxiliares de la organización -- El movimiento de materiales -- La producción o la ejecución -- Los resultados de la explotación -- Las funciones de la administración | |
| 534 | _pOrdre, méthode et organisation | ||
| 546 | _aTraducido del inglés | ||
| 650 | 2 | 4 |
_aEmpresas _912361 |
| 650 | 2 | 4 |
_aOrganización _912362 |
| 700 | 1 |
_aClementi, José, _etraductor _912363 |
|
| 942 |
_2ddc _cBK |
||
| 999 |
_c6127 _d6127 |
||